|
|
|
|
| LEADER |
03022nam a22005295i 4500 |
| 001 |
978-3-642-35822-7 |
| 003 |
DE-He213 |
| 005 |
20151204171613.0 |
| 007 |
cr nn 008mamaa |
| 008 |
130404s2013 gw | s |||| 0|eng d |
| 020 |
|
|
|a 9783642358227
|9 978-3-642-35822-7
|
| 024 |
7 |
|
|a 10.1007/978-3-642-35822-7
|2 doi
|
| 040 |
|
|
|d GrThAP
|
| 050 |
|
4 |
|a HD30.23
|
| 072 |
|
7 |
|a KJT
|2 bicssc
|
| 072 |
|
7 |
|a KJMD
|2 bicssc
|
| 072 |
|
7 |
|a BUS049000
|2 bisacsh
|
| 082 |
0 |
4 |
|a 658.40301
|2 23
|
| 100 |
1 |
|
|a Çetiner, Demet.
|e author.
|
| 245 |
1 |
0 |
|a Fair Revenue Sharing Mechanisms for Strategic Passenger Airline Alliances
|h [electronic resource] /
|c by Demet Çetiner.
|
| 264 |
|
1 |
|a Berlin, Heidelberg :
|b Springer Berlin Heidelberg :
|b Imprint: Springer,
|c 2013.
|
| 300 |
|
|
|a XV, 168 p. 27 illus.
|b online resource.
|
| 336 |
|
|
|a text
|b txt
|2 rdacontent
|
| 337 |
|
|
|a computer
|b c
|2 rdamedia
|
| 338 |
|
|
|a online resource
|b cr
|2 rdacarrier
|
| 347 |
|
|
|a text file
|b PDF
|2 rda
|
| 490 |
1 |
|
|a Lecture Notes in Economics and Mathematical Systems,
|x 0075-8442 ;
|v 668
|
| 505 |
0 |
|
|a Introduction -- Selected Topics in Revenue Management -- A Review of Strategic Passenger Airline Alliances -- Selected Topics in Cooperative Game Theory -- Airline Alliance Revenue Management Game -- Approximate Nucleolus-Based Revenue Shares for Airline Alliances -- Selfish Revenue Sharing Mechanisms for Airline Alliances -- A Revenue Sharing Mechanism Based on the Transfer of Dual Prices -- Conclusion and Future Research -- Appendix: Computational Study.
|
| 520 |
|
|
|a A major problem arising in airline alliances is to design allocation mechanisms determining how the revenue of a product should be shared among the airlines. The nucleolus is a concept of cooperative game theory that provides solutions for allocating the cost or benefit of a cooperation. This work provides fair revenue proportions for the airline alliances based on the nucleolus, which assumes a centralized decision making system. The proposed mechanism is used as a benchmark to evaluate the fairness of the revenue sharing mechanisms, where the alliance partners behave selfishly. Additionally, a new selfish revenue allocation rule is developed that improves the performance of the existing methods.
|
| 650 |
|
0 |
|a Business.
|
| 650 |
|
0 |
|a Production management.
|
| 650 |
|
0 |
|a Operations research.
|
| 650 |
|
0 |
|a Decision making.
|
| 650 |
|
0 |
|a Management science.
|
| 650 |
|
0 |
|a Game theory.
|
| 650 |
1 |
4 |
|a Business and Management.
|
| 650 |
2 |
4 |
|a Operation Research/Decision Theory.
|
| 650 |
2 |
4 |
|a Operations Research, Management Science.
|
| 650 |
2 |
4 |
|a Game Theory.
|
| 650 |
2 |
4 |
|a Operations Management.
|
| 710 |
2 |
|
|a SpringerLink (Online service)
|
| 773 |
0 |
|
|t Springer eBooks
|
| 776 |
0 |
8 |
|i Printed edition:
|z 9783642358210
|
| 830 |
|
0 |
|a Lecture Notes in Economics and Mathematical Systems,
|x 0075-8442 ;
|v 668
|
| 856 |
4 |
0 |
|u http://dx.doi.org/10.1007/978-3-642-35822-7
|z Full Text via HEAL-Link
|
| 912 |
|
|
|a ZDB-2-SBE
|
| 950 |
|
|
|a Business and Economics (Springer-11643)
|